| 000 | 00808nam a22001577a 4500 | ||
|---|---|---|---|
| 003 | OSt | ||
| 005 | 20151008143721.0 | ||
| 008 | 151008b xxu||||| |||| 00| 0 eng d | ||
| 040 | _cRUA | ||
| 082 | _aAVM SAN 2008 B080 Or.1 | ||
| 100 |
_92360 _aSAN, SAMUTH. |
||
| 245 |
_aThe survey on dairy cow raising of association koh krabey viilage prek thmey commune keansvay district kandal province, ការអង្កេតទៅលើការចិញ្ចឹមគោទឹកដោះរបស់សហគមន៏ចិញ្ចឹមគោទឹកដោះ នៅភូមិកោះក្របី ឃុំព្រែកថ្មី ស្រុកគៀនស្វាយ ខេត្តកណ្តាល _c. |
||
| 260 |
_aPhnom Penh _bRUA _c2008 |
||
| 300 |
_aix; 41p. _bill. _c29cm. |
||
| 942 |
_2ddc _cAVM |
||
| 999 |
_c2223 _d2223 |
||